[Event "Champ FRA - Under 12"]
[Site "Europe Echecs"]
[Date "2020.07.08"]
[Round "5"]
[White "BaudouinMoise"]
[Black "BiardNoah"]
[Result "1/2-1/2"]
[WhiteElo "1135"]
[BlackElo "1339"]
[PlyCount "116"]
[EventDate "2020.??.??"]

1. c4 c5 2. g3 g6 3. Bg2 Bg7 4. e3 d6 5. d4 cxd4 6. exd4 Nf6 7. Ne2 Nc6 8. O-O
O-O 9. Nbc3 Bd7 10. Bf4 Qc8 11. b3 Bh3 12. d5 Bxg2 13. Kxg2 Ne5 14. Bxe5 dxe5
15. d6 exd6 16. Qxd6 Rd8 17. Qxe5 Ng4 18. Qf4 Re8 19. Nb5 Qc6+ 20. Kg1 Bxa1 21.
Nd6 Be5 22. Qxf7+ Kh8 23. Nxe8 Qxe8 24. Qf3 Nf6 25. Re1 Qd7 26. Nc3 Bxc3 27.
Qxc3 Re8 28. Qxf6+ Kg8 29. Rxe8+ Qxe8 30. Qd4 a6 31. Qd5+ Kg7 32. Qxb7+ Kh6 33.
Qxa6 Qe1+ 34. Kg2 Qe4+ 35. Kf1 Qh1+ 36. Ke2 Qe4+ 37. Kd1 Qd3+ 38. Kc1 Qc3+ 39.
Kb1 Qd3+ 40. Kb2 Qd4+ 41. Ka3 Qc5+ 42. b4 Qxf2 43. Qc8 Qe3+ 44. Ka4 Qa7+ 45.
Kb3 Qe3+ 46. Kc2 Qe4+ 47. Kd2 Qd4+ 48. Ke2 Qe4+ 49. Kf2 Qd4+ 50. Kg2 Qd2+ 51.
Kh3 Qf2 52. Qc6 Qf1+ 53. Qg2 Qf5+ 54. g4 Qd3+ 55. Qg3 Qf1+ 56. Qg2 Qd3+ 57. Qg3
Qf1+ 58. Qg2 Qd3+ {Nulle par répétition} 1/2-1/2

[Event "Champ FRA - Under 12"]
[Site "Europe Echecs"]
[Date "2020.07.08"]
[Round "5"]
[White "DaoAntoine"]
[Black "TureshbayevAno"]
[Result "0-1"]
[WhiteElo "1330"]
[BlackElo "799"]
[PlyCount "94"]
[EventDate "2020.??.??"]

1. e4 e5 2. Nf3 Nc6 3. Bc4 Nf6 4. d3 Be7 5. Nc3 O-O 6. Be3 d6 7. Qd2 Bg4 8. Nh4
Nd4 9. Bxd4 exd4 10. Ne2 Bxe2 11. Qxe2 c5 12. Nf5 a6 13. O-O b5 14. Bd5 Nxd5
15. exd5 Bf6 16. Qg4 g6 17. Ng3 h5 18. Qf4 Bg7 19. Ne4 Be5 20. Qf3 Rc8 21. b3
b4 22. Rfe1 Kg7 23. Rad1 Rc7 24. Qh3 Qd7 25. Qxd7 Rxd7 26. Rf1 a5 27. f4 Bf6
28. g3 Re7 29. Rde1 Rfe8 30. Kf2 Rd8 31. Re2 Rdd7 32. Rfe1 h4 33. Nxf6 hxg3+
34. hxg3 Kxf6 35. Rxe7 Rxe7 36. Rxe7 Kxe7 37. Kf3 Kf6 38. Ke4 g5 39. f5 Ke7 40.
Kf3 f6 41. Kg4 Kf7 42. Kh5 Kg7 43. g4 Kh7 44. c4 bxc3 45. b4 c2 46. b5 c1=R 47.
b6 Rh1# {DaoAntoine est échec et mat} 0-1

[Event "Champ FRA - Under 12"]
[Site "Europe Echecs"]
[Date "2020.07.08"]
[Round "5"]
[White "SabeFlavio"]
[Black "EhrhardEmeric"]
[Result "1-0"]
[WhiteElo "1259"]
[BlackElo "1096"]
[PlyCount "86"]
[EventDate "2020.??.??"]

1. d4 d5 2. Nc3 e6 3. Bf4 Nf6 4. e3 Bb4 5. Bd3 Nc6 6. Nf3 Ne4 7. Bxe4 dxe4 8.
Ne5 Nxe5 9. dxe5 Qxd1+ 10. Rxd1 Bxc3+ 11. bxc3 O-O 12. O-O b6 13. h3 Bb7 14.
Rd4 Rac8 15. Rfd1 f6 16. Rd7 Bc6 17. Re7 Bd5 18. exf6 Rxf6 19. Rxc7 Rxc7 20.
Bxc7 Rf7 21. Be5 Bxa2 22. Rd8+ Rf8 23. Rd7 Rf7 24. Rd4 Bd5 25. c4 Bb7 26. Bd6
Rd7 27. Be5 Rd5 28. cxd5 exd5 29. Ra4 a5 30. Bd4 Bc6 31. Ra3 Kf7 32. Bxb6 a4
33. Bc5 Ke6 34. Kf1 g6 35. Ke2 Kd7 36. f3 Kc7 37. fxe4 dxe4 38. Kd2 Kb7 39. Kc3
Ka6 40. Kb4 h6 41. Rc3 Kb7 42. g4 g5 43. Bf8 Kc7 {EhrhardEmeric a abandonné}
1-0

[Event "Champ FRA - Under 12"]
[Site "Europe Echecs"]
[Date "2020.07.08"]
[Round "5"]
[White "CastagnerolThi"]
[Black "NoerdingerLeo"]
[Result "0-1"]
[WhiteElo "1165"]
[BlackElo "1605"]
[PlyCount "154"]
[EventDate "2020.??.??"]

1. e4 e6 2. Nc3 d5 3. exd5 exd5 4. d4 Bd6 5. Nf3 Bg4 6. Be2 Nc6 7. h3 Bh5 8.
Be3 Nf6 9. O-O O-O 10. Bg5 Be7 11. Bf4 a6 12. Ne5 Nxe5 13. Bxe5 Bxe2 14. Qxe2
c6 15. Rfe1 Re8 16. Qd2 Bd6 17. Bxd6 Qxd6 18. Ne2 Ne4 19. Qd3 Qf6 20. Qf3 Qxf3
21. gxf3 Nd2 22. Kg2 Nc4 23. b3 Na3 24. Rac1 Re7 25. c3 Rae8 26. Kf1 Nb5 27. a4
Nd6 28. Ng3 g6 29. Rxe7 Rxe7 30. Re1 Rxe1+ 31. Kxe1 f5 32. Ke2 Kf7 33. f4 Kf6
34. h4 h6 35. f3 b5 36. Kd3 bxa4 37. bxa4 Nc4 38. Kc2 a5 39. Ne2 Ne3+ 40. Kb3
Ng2 41. c4 Nxh4 42. cxd5 cxd5 43. Ng1 g5 44. fxg5+ hxg5 45. Kc3 g4 46. fxg4
fxg4 47. Kd3 Kf5 48. Ke3 Ng2+ 49. Kf2 Nf4 50. Kg3 Kg5 51. Kf2 Nd3+ 52. Kg3 Nb2
53. Ne2 Nxa4 54. Nc1 Nc3 55. Nb3 a4 56. Nc5 a3 57. Ne6+ Kf6 58. Nc5 a2 59. Nb3
Kf5 60. Na1 Ne2+ 61. Kf2 Nxd4 62. Kg3 Ne2+ 63. Kf2 Nf4 64. Nc2 Nd3+ 65. Kg3 Nb4
66. Na1 d4 67. Nb3 d3 68. Nd4+ Ke4 69. Nb3 Ke3 70. Kxg4 d2 71. Nxd2 Kxd2 72.
Kf5 a1=Q 73. Kg6 Qe5 74. Kh6 Qg3 75. Kh7 Ke3 76. Kh6 Kf4 77. Kh5 Qg5# {
CastagnerolThi est échec et mat} 0-1

[Event "Champ FRA - Under 12"]
[Site "Europe Echecs"]
[Date "2020.07.08"]
[Round "5"]
[White "HiltonMarc"]
[Black "PerezRaphael"]
[Result "1-0"]
[WhiteElo "1546"]
[BlackElo "1190"]
[PlyCount "47"]
[EventDate "2020.??.??"]

1. d4 d5 2. c4 c6 3. Nc3 Nf6 4. Nf3 Qa5 5. Bg5 Ne4 6. Qc2 Bf5 7. Qb3 e6 8. Rc1
Bb4 9. Bd2 b5 10. cxb5 c5 11. dxc5 Nxc5 12. Qd1 Bxc3 13. Bxc3 Qxb5 14. e4 Qc6
15. exf5 exf5 16. Bd4 Nbd7 17. b4 Qe6+ 18. Be2 Ne4 19. O-O Qe7 20. Bxg7 Rg8 21.
Bb2 Qe6 22. Bb5 Qg6 23. Bxd7+ Kxd7 24. Ne5+ {PerezRaphael a abandonné} 1-0

[Event "Champ FRA - Under 12"]
[Site "Europe Echecs"]
[Date "2020.07.08"]
[Round "5"]
[White "BaciuConstanti"]
[Black "EugeneNathael"]
[Result "0-1"]
[WhiteElo "1191"]
[BlackElo "1508"]
[PlyCount "110"]
[EventDate "2020.??.??"]

1. e4 e5 2. Nf3 Nc6 3. Nc3 Nf6 4. Bc4 Nxe4 5. Nxe4 d5 6. O-O dxe4 7. Ne1 Bc5 8.
d3 exd3 9. cxd3 Bf5 10. Qf3 Bg6 11. Nc2 O-O 12. Na3 Rb8 13. Rb1 Nd4 14. Qd1 Qh4
15. Be3 Bh5 16. f3 Nxf3+ 17. Rxf3 Bxe3+ 18. Kh1 Bf4 19. g3 Qg4 20. Bd5 c6 21.
Bb3 Qxf3+ 22. Qxf3 Bxf3+ 23. Kg1 Be3+ 24. Kf1 Rfd8 25. Bc2 e4 26. Nc4 exd3 27.
Bd1 Bxd1 28. Rxd1 Bh6 29. Ne5 Rd5 30. Nxd3 Rbd8 31. Ke2 Re8+ 32. Kf3 Re3+ 33.
Kg4 Rexd3 34. Rxd3 Rxd3 35. b3 Rd2 36. h4 Rxa2 37. Kf5 Rb2 38. Ke4 Rxb3 39. g4
Re3+ 40. Kf5 Rf3+ 41. Ke4 Rf4+ 42. Ke3 Rxg4+ 43. Kf3 Rxh4 44. Kg3 Ra4 45. Kf3
Rc4 46. Ke2 b5 47. Kd3 a5 48. Ke2 a4 49. Kd1 a3 50. Ke2 a2 51. Kd3 a1=Q 52. Ke2
Qa3 53. Kd1 Qd3+ 54. Ke1 Qd2+ 55. Kf1 Rc1# {BaciuConstanti est échec et mat}
0-1

[Event "Champ FRA - Under 12"]
[Site "Europe Echecs"]
[Date "2020.07.08"]
[Round "5"]
[White "ManukyanVahan"]
[Black "DebiasSaidCypr"]
[Result "1-0"]
[WhiteElo "1480"]
[BlackElo "1180"]
[PlyCount "47"]
[EventDate "2020.??.??"]

1. e4 c6 2. d4 d5 3. exd5 cxd5 4. Bd3 Nc6 5. c3 e5 6. dxe5 Nxe5 7. Nf3 Nc6 8.
O-O Bg4 9. Re1+ Be7 10. h3 Bh5 11. Qb3 Nf6 12. Qxb7 Rc8 13. Bb5 O-O 14. Bxc6
Ne4 15. Bxd5 Nc5 16. Qxe7 Qxe7 17. Rxe7 Rcd8 18. c4 Nd3 19. Nc3 Rd6 20. Rxa7 h6
21. Nd4 Rfd8 22. Nc6 Re8 23. Be3 Nb4 24. Nxb4 {DebiasSaidCypr a abandonné} 1-0

[Event "Champ FRA - Under 12"]
[Site "Europe Echecs"]
[Date "2020.07.08"]
[Round "5"]
[White "RenaudinThibau"]
[Black "NguyenSohayb"]
[Result "0-1"]
[WhiteElo "1190"]
[BlackElo "1473"]
[PlyCount "58"]
[EventDate "2020.??.??"]

1. Nf3 d5 2. c4 Nf6 3. d4 e6 4. Bg5 Be7 5. e3 c5 6. Bxf6 Bxf6 7. Nc3 cxd4 8.
exd4 dxc4 9. Bxc4 O-O 10. O-O Nc6 11. Ne2 b6 12. Rb1 Bb7 13. Qd2 Na5 14. Bb5
Bxf3 15. gxf3 a6 16. Ba4 b5 17. Bb3 Nc6 18. Rbd1 Bg5 19. Qd3 Qf6 20. Bc2 Qh6
21. d5 Ne5 22. Qe4 exd5 23. Qxe5 Rfe8 24. Qxd5 Rad8 25. Qf5 Rxe2 26. Rxd8+ Bxd8
27. Bb3 Qg5+ 28. Qxg5 Bxg5 29. Rc1 Bxc1 {RenaudinThibau a abandonné} 0-1

[Event "Champ FRA - Under 12"]
[Site "Europe Echecs"]
[Date "2020.07.08"]
[Round "5"]
[White "DeNaveJulien"]
[Black "FernandesMerle"]
[Result "1-0"]
[WhiteElo "1177"]
[BlackElo "1461"]
[PlyCount "61"]
[EventDate "2020.??.??"]

1. e4 e5 2. Nf3 Nc6 3. Bc4 Nf6 4. d3 Bc5 5. c3 O-O 6. Bb3 h6 7. O-O d6 8. a4 a5
9. Nbd2 Be6 10. Bxe6 fxe6 11. Nb3 Bb6 12. Re1 Re8 13. Be3 Bxe3 14. Rxe3 d5 15.
exd5 exd5 16. d4 exd4 17. Rxe8+ Qxe8 18. cxd4 Qe7 19. Nc5 b6 20. Nd3 Re8 21.
Qb3 Qe4 22. Qc3 Qe7 23. Qxc6 Ne4 24. Qxd5+ Qe6 25. Qxe6+ Rxe6 26. Re1 Ng5 27.
Nxg5 Rxe1+ 28. Nxe1 hxg5 29. Nf3 g4 30. Ne5 g3 31. fxg3 {FernandesMerle a
abandonné} 1-0

[Event "Champ FRA - Under 12"]
[Site "Europe Echecs"]
[Date "2020.07.08"]
[Round "5"]
[White "PogodallaVicto"]
[Black "TrimbitasuElya"]
[Result "1-0"]
[WhiteElo "1458"]
[BlackElo "1175"]
[PlyCount "55"]
[EventDate "2020.??.??"]

1. d4 d5 2. c4 e6 3. Nc3 Nf6 4. Nf3 Bb4 5. cxd5 Nxd5 6. Bd2 Bxc3 7. bxc3 b6 8.
e4 Ne7 9. Bd3 f5 10. Ne5 Bb7 11. exf5 Nxf5 12. Qh5+ Ke7 13. Qf7+ Kd6 14. Nc4+
Kd5 15. Ne3+ Nxe3 16. Bxe3 Qd7 17. Qf3+ Kd6 18. Qxb7 Nc6 19. Bb5 Rab8 20. Bf4+
Kd5 21. c4+ Kxd4 22. Qxc6 Qxc6 23. Bxc6 Kxc4 24. O-O Kb4 25. Rfc1 Rbc8 26. a4
Ka5 27. Bb5 a6 28. Bd2# {TrimbitasuElya est échec et mat} 1-0

[Event "Champ FRA - Under 12"]
[Site "Europe Echecs"]
[Date "2020.07.08"]
[Round "5"]
[White "NegreEmilie"]
[Black "RosamelManua"]
[Result "1-0"]
[WhiteElo "1438"]
[BlackElo "1170"]
[PlyCount "117"]
[EventDate "2020.??.??"]

1. d4 g6 2. Nf3 Bg7 3. Nbd2 d5 4. b4 Nc6 5. c3 Nf6 6. e3 O-O 7. a3 Ne4 8. c4
Nxd2 9. Nxd2 dxc4 10. Nxc4 Re8 11. Be2 e5 12. dxe5 Qxd1+ 13. Bxd1 Nxe5 14. Nxe5
Bxe5 15. Rb1 Bf5 16. Rb3 Be6 17. Rd3 Bc4 18. Rd7 Bb5 19. Rd5 Bc4 20. Rc5 b5 21.
Bd2 Bd6 22. Rc6 Bd5 23. Rc1 Bxg2 24. Rg1 Bb7 25. h4 Bh2 26. Rg4 h5 27. Rg5 Kg7
28. Rxb5 Bc6 29. Rxc6 f6 30. Bc3 Rf8 31. Ra5 Bd6 32. Rc4 Rf7 33. Rd4 Be5 34.
Rd3 Re7 35. Bxe5 Rxe5 36. Rxe5 fxe5 37. Rd7+ Kf6 38. Rxc7 a5 39. Rc6+ Kf5 40.
b5 g5 41. Bxh5 gxh4 42. Bf3 Rb8 43. a4 e4 44. Rc5+ Ke6 45. Bxe4 h3 46. Rh5 Rc8
47. Bf5+ Kd6 48. Bxc8 Kc7 49. Bxh3 Kb6 50. f4 Kb7 51. Rh6 Kc7 52. Rc6+ Kb7 53.
f5 Ka7 54. f6 Kb7 55. f7 Ka7 56. f8=Q Kb7 57. Qc8+ Ka7 58. Rc7+ Kb6 59. Qb7# {
RosamelManua est échec et mat} 1-0

[Event "Champ FRA - Under 12"]
[Site "Europe Echecs"]
[Date "2020.07.08"]
[Round "5"]
[White "LamagaSacha"]
[Black "LedjamAlbin"]
[Result "1-0"]
[WhiteElo "1430"]
[BlackElo "1165"]
[PlyCount "87"]
[EventDate "2020.??.??"]

1. e4 d6 2. d4 Nf6 3. Nc3 c6 4. Nf3 Bg4 5. h3 Bh5 6. Be2 e6 7. Nd2 Bxe2 8. Qxe2
Be7 9. b3 Nbd7 10. Bb2 O-O 11. O-O b5 12. Rae1 e5 13. d5 b4 14. Nd1 c5 15. Ne3
Re8 16. Nec4 Nf8 17. a3 a5 18. a4 Ng6 19. Nf3 Nf4 20. Qd2 Qd7 21. Nb6 Nxh3+ 22.
Kh1 Qg4 23. Nh2 Qh5 24. Nxa8 Rxa8 25. gxh3 Qxh3 26. Qe3 Qh5 27. Qf3 Qh4 28. Qg3
Qh5 29. Rg1 g6 30. Qg5 Qh3 31. Rg3 Qd7 32. Qe3 Nh5 33. Rg4 Nf4 34. Bc1 h6 35.
Qf3 h5 36. Rgg1 Nh3 37. Rg3 Nf4 38. Bxf4 exf4 39. Qxf4 h4 40. Rf3 g5 41. Qxf7+
Kh8 42. Qh5+ Kg8 43. Rf7 Bf6 44. Qh7# {LedjamAlbin est échec et mat} 1-0

[Event "Champ FRA - Under 12"]
[Site "Europe Echecs"]
[Date "2020.07.08"]
[Round "5"]
[White "HamdadMounir"]
[Black "LovichiRaphael"]
[Result "0-1"]
[WhiteElo "1167"]
[BlackElo "1406"]
[PlyCount "106"]
[EventDate "2020.??.??"]

1. e4 c5 2. Nf3 e6 3. d4 cxd4 4. Nxd4 Nf6 5. Nc3 Nc6 6. Nf3 Bb4 7. Bd2 d5 8. e5
Nd7 9. Bg5 Bxc3+ 10. bxc3 Qa5 11. Qd2 Ncxe5 12. Nxe5 Nxe5 13. Bf4 Ng6 14. Bd6
Bd7 15. Bb4 Qc7 16. Bd3 a5 17. Ba3 Rc8 18. Bb2 Ne5 19. O-O Nxd3 20. cxd3 O-O
21. Qg5 f6 22. Qg4 e5 23. Qe2 Bb5 24. f3 Qc5+ 25. Kh1 Rfe8 26. Qd2 a4 27. Rac1
a3 28. Ba1 Rc7 29. Rfe1 Rec8 30. c4 dxc4 31. dxc4 Bxc4 32. Re4 Qd5 33. Qf2 Bxa2
34. Rxc7 Rxc7 35. Re1 Bb3 36. Qe3 a2 37. Re2 Qd1+ 38. Re1 Rd7 39. Qc1 Qxc1 40.
Rxc1 Rd1+ 41. Rxd1 Bxd1 42. Kg1 Bb3 43. Kf2 Bd5 44. Ke2 Kf7 45. Kd3 Ke6 46. h3
f5 47. Ke3 f4+ 48. Kd3 b5 49. Kc3 Bc4 50. Kd2 Bf1 51. Ke1 Bxg2 52. Kf2 Bxh3 53.
Bb2 h5 {HamdadMounir a abandonné} 0-1

[Event "Champ FRA - Under 12"]
[Site "Europe Echecs"]
[Date "2020.07.08"]
[Round "5"]
[White "SumarrivaPauliJ"]
[Black "SalahYanis"]
[Result "0-1"]
[WhiteElo "1394"]
[BlackElo "1148"]
[PlyCount "44"]
[EventDate "2020.??.??"]

1. e4 d5 2. exd5 Nf6 3. Nc3 Nxd5 4. Nf3 Bg4 5. d4 Nxc3 6. bxc3 e6 7. h3 Bh5 8.
Bc4 Bd6 9. Bb3 Nc6 10. Bb2 O-O 11. O-O Qf6 12. Re1 Rfe8 13. Re3 Rad8 14. Qd2
Bf4 15. Rae1 Bxf3 16. Rxf3 Bxd2 17. Rxf6 Bxe1 18. Rf3 e5 19. Rd3 exd4 20. cxd4
Bb4 21. c3 Bd6 22. c4 Re1# {SumarrivaPauliJ est échec et mat} 0-1

[Event "Champ FRA - Under 12"]
[Site "Europe Echecs"]
[Date "2020.07.08"]
[Round "5"]
[White "PalmasAdriana"]
[Black "CrouzierSimon"]
[Result "1-0"]
[WhiteElo "1380"]
[BlackElo "1140"]
[PlyCount "65"]
[EventDate "2020.??.??"]

1. e4 e5 2. Nf3 Nc6 3. Bc4 Bc5 4. c3 Nf6 5. d3 d6 6. O-O O-O 7. b4 Bb6 8. a4 a5
9. b5 Ne7 10. Ng5 h6 11. Nf3 Ng4 12. h3 Nf6 13. Re1 c6 14. d4 exd4 15. cxd4
cxb5 16. Bxb5 d5 17. e5 Nd7 18. Bf4 Ng6 19. Bg3 Re8 20. Nc3 f6 21. exf6 gxf6
22. Nxd5 Rxe1+ 23. Qxe1 f5 24. Qe6+ Kg7 25. Qxf5 Nf6 26. Qd3 Nxd5 27. Be5+ Nxe5
28. Nxe5 Qe8 29. Bxe8 Be6 30. Qg3+ Kf8 31. Bb5 Ke7 32. Qg7+ Kd6 33. Nc4# {
CrouzierSimon est échec et mat} 1-0

[Event "Champ FRA - Under 12"]
[Site "Europe Echecs"]
[Date "2020.07.08"]
[Round "5"]
[White "PoyetClemence"]
[Black "KechkekianChae"]
[Result "0-1"]
[WhiteElo "1160"]
[BlackElo "1366"]
[PlyCount "60"]
[EventDate "2020.??.??"]

1. e4 c5 2. Nf3 e6 3. e5 Nc6 4. Nc3 Qc7 5. d4 cxd4 6. Nxd4 Qxe5+ 7. Be3 Bc5 8.
Be2 Nxd4 9. Bxd4 Qxd4 10. Qc1 Qxf2+ 11. Kd1 Qd4+ 12. Ke1 Bb4 13. a3 Bxc3+ 14.
bxc3 Qxc3+ 15. Kf1 Nf6 16. Rb1 Ne4 17. Rb3 Nd2+ 18. Qxd2 Qxd2 19. Bf3 Qc1+ 20.
Kf2 Qxc2+ 21. Kg3 Qxb3 22. Re1 b6 23. h4 Bb7 24. Kh3 Bxf3 25. gxf3 Qxf3+ 26.
Kh2 Qf2+ 27. Kh3 Qxe1 28. Kg4 Rc8 29. a4 Rc4+ 30. Kh5 Qxh4# {PoyetClemence est
échec et mat} 0-1

[Event "Champ FRA - Under 12"]
[Site "Europe Echecs"]
[Date "2020.07.08"]
[Round "5"]
[White "ChevillonManon"]
[Black "JoinOctave"]
[Result "1-0"]
[WhiteElo "1356"]
[BlackElo "1135"]
[PlyCount "35"]
[EventDate "2020.??.??"]

1. e4 c5 2. Nf3 e6 3. d4 d5 4. e5 Nc6 5. Be3 f6 6. exf6 Nxf6 7. Nbd2 cxd4 8.
Nxd4 Nxd4 9. Bxd4 Qc7 10. Bd3 e5 11. Be3 h6 12. f3 d4 13. Bf2 Qb6 14. O-O Qxb2
15. Nc4 Qb4 16. Nxe5 Bd6 17. Rb1 Qa4 18. Bb5+ {JoinOctave a abandonné} 1-0

[Event "Champ FRA - Under 12"]
[Site "Europe Echecs"]
[Date "2020.07.08"]
[Round "5"]
[White "RoblinOlivier"]
[Black "PaineauMael"]
[Result "1/2-1/2"]
[WhiteElo "1352"]
[BlackElo "1121"]
[PlyCount "131"]
[EventDate "2020.??.??"]

1. e4 d5 2. exd5 Nf6 3. c4 e6 4. dxe6 Bxe6 5. d4 Nc6 6. d5 Bg4 7. Qa4 Bb4+ 8.
Nc3 Qe7+ 9. Nge2 Bxc3+ 10. bxc3 Bxe2 11. Bxe2 O-O 12. dxc6 Rfe8 13. Qc2 b6 14.
h3 Qe6 15. Be3 Qxc6 16. O-O Rad8 17. Rad1 Rxd1 18. Rxd1 h6 19. Rc1 Qe6 20. Re1
Qd6 21. Rd1 Qa3 22. Qb3 Qa6 23. Rd2 c5 24. Qb5 Qc8 25. Qa4 Ne4 26. Rd3 Qa8 27.
Bf3 Rf8 28. Qc2 Qe8 29. Rd2 Nf6 30. Re2 Qc8 31. Qa4 Rd8 32. Qc2 Qa6 33. Rd2 Rf8
34. Bc6 Qxc4 35. Qb3 Qh4 36. c4 Rc8 37. Bb7 Rb8 38. Bf3 Rf8 39. a3 Ne4 40. Bxe4
Qxe4 41. Qd3 Qe5 42. Rd1 Qb2 43. a4 Qa2 44. Qd7 Qc2 45. Qg4 Qh7 46. Rd7 Qb1+
47. Kh2 Kh7 48. Rxa7 Qd3 49. Rb7 Qd6+ 50. Qg3 Qc6 51. Re7 Qxa4 52. Re4 Qc2 53.
f3 Qb1 54. Qd6 Rg8 55. Qg3 b5 56. cxb5 Qxb5 57. Qe5 Qf1 58. Qf5+ Kh8 59. Qxc5
Qa1 60. Qf5 Qa2 61. Qg4 Qa5 62. Qg3 Qa3 63. Qg4 Qa5 64. Qg3 Qa3 65. Qf4 Qa5 66.
Qg3 {Nulle par répétition} 1/2-1/2

[Event "Champ FRA - Under 12"]
[Site "Europe Echecs"]
[Date "2020.07.08"]
[Round "5"]
[White "LemoalZakarya"]
[Black "SchutzBastien"]
[Result "0-1"]
[WhiteElo "1134"]
[BlackElo "1343"]
[PlyCount "156"]
[EventDate "2020.??.??"]

1. e4 d5 2. exd5 Qxd5 3. Nc3 Qd8 4. Nf3 Nf6 5. d4 Bg4 6. Be3 c6 7. h3 Bxf3 8.
Qxf3 e6 9. g4 h6 10. Ne4 Nbd7 11. Nxf6+ Nxf6 12. c3 Qd5 13. Qxd5 exd5 14. f3
Bd6 15. Rg1 O-O 16. Kd2 Rfe8 17. Re1 Re6 18. Bf2 Rae8 19. Bd3 Bf4+ 20. Kc2 Be3
21. Rxe3 Rxe3 22. Bxe3 Rxe3 23. Rf1 Kf8 24. Kd2 Re6 25. Bf5 Re7 26. Rf2 g6 27.
Bd3 Ke8 28. Re2 Kd7 29. Rxe7+ Kxe7 30. b3 Kd6 31. Ke3 g5 32. Bf5 c5 33. Bd3 a6
34. dxc5+ Kxc5 35. b4+ Kd6 36. Kd4 Nd7 37. Be2 b5 38. Bf1 Nb6 39. Bd3 Na4 40.
Bc2 Nb2 41. Bf5 Nc4 42. Bc8 a5 43. bxa5 Nxa5 44. Ba6 Nc6+ 45. Kd3 Kc5 46. Bb7
Ne5+ 47. Ke3 Kc4 48. f4 Nd3 49. fxg5 hxg5 50. Bxd5+ Kxc3 51. Bxf7 Nb4 52. a3
Nc2+ 53. Ke4 Nxa3 54. Kf5 Nc4 55. Kxg5 b4 56. Kf6 b3 57. h4 b2 58. Bg6 Na3 59.
h5 Nc2 60. Bxc2 Kxc2 61. g5 b1=Q 62. g6 Qb6+ 63. Kg7 Qc7+ 64. Kh6 Qf4+ 65. Kh7
Qf5 66. h6 Kd3 67. Kg7 Qd7+ 68. Kf6 Qd6+ 69. Kg7 Qe7+ 70. Kh8 Qf6+ 71. g7 Qxh6+
72. Kg8 Ke4 73. Kf8 Qf6+ 74. Kg8 Kf5 75. Kh8 Qh6+ 76. Kg8 Kf6 77. Kf8 Qxg7+ 78.
Ke8 Qe7# {LemoalZakarya est échec et mat} 0-1

[Event "Champ FRA - Under 12"]
[Site "Europe Echecs"]
[Date "2020.07.08"]
[Round "5"]
[White "RosuAndrei"]
[Black "NoeMilan"]
[Result "1-0"]
[WhiteElo "1342"]
[BlackElo "1110"]
[PlyCount "79"]
[EventDate "2020.??.??"]

1. e4 e6 2. d4 d5 3. e5 c5 4. c3 Qb6 5. Qb3 Nc6 6. Qxb6 axb6 7. Nf3 cxd4 8.
cxd4 Nb4 9. Kd1 Rxa2 10. Rxa2 Nxa2 11. Bd2 Nb4 12. Bb5+ Bd7 13. Bxd7+ Kxd7 14.
Ng5 Ke8 15. Re1 Be7 16. Re3 Nh6 17. Bxb4 Bxg5 18. Rc3 f6 19. Rc8+ Kf7 20. Rxh8
Ng8 21. Rxh7 Nh6 22. Rh8 Ng8 23. Rh3 fxe5 24. Rf3+ Nf6 25. dxe5 Bf4 26. Rxf4 g5
27. Rxf6+ Kg7 28. Bf8+ Kh7 29. Rxe6 Kg8 30. Rxb6 Kxf8 31. e6 Ke7 32. Nc3 d4 33.
Nd5+ Ke8 34. e7 g4 35. Rxb7 g3 36. Rb8+ Kf7 37. e8=Q+ Kg7 38. Qe6 gxh2 39. Rb7+
Kf8 40. Qc8# {NoeMilan est échec et mat} 1-0

[Event "Champ FRA - Under 12"]
[Site "Europe Echecs"]
[Date "2020.07.08"]
[Round "5"]
[White "KirakosyanEmil"]
[Black "RakotomamonjyL"]
[Result "1-0"]
[WhiteElo "1124"]
[BlackElo "1310"]
[PlyCount "57"]
[EventDate "2020.??.??"]

1. e4 e5 2. Nf3 Nc6 3. Bc4 Nf6 4. d3 h6 5. Be3 Bb4+ 6. c3 Ba5 7. Nbd2 d6 8. h3
Be6 9. Qc2 O-O 10. O-O Bb6 11. Rfe1 Qd7 12. Bxe6 fxe6 13. Rad1 d5 14. exd5 exd5
15. Bxb6 axb6 16. Nxe5 Nxe5 17. Rxe5 Qd6 18. d4 Rxa2 19. Qb3 Raa8 20. Rde1 Kh8
21. Nf3 Rf7 22. Qc2 c6 23. Qg6 Raf8 24. Re6 Qc7 25. Ne5 Rd7 26. Nxd7 Nxd7 27.
Re7 Rg8 28. Qg4 Nf6 29. Rxc7 {RakotomamonjyL a abandonné} 1-0

[Event "Champ FRA - Under 12"]
[Site "Europe Echecs"]
[Date "2020.07.08"]
[Round "5"]
[White "FlagielloFranc"]
[Black "RigaudRetourne"]
[Result "1/2-1/2"]
[WhiteElo "1293"]
[BlackElo "1103"]
[PlyCount "98"]
[EventDate "2020.??.??"]

1. e4 e5 2. Nf3 Nc6 3. Bb5 Bc5 4. O-O d6 5. d4 exd4 6. Nxd4 Bxd4 7. Qxd4 Nf6 8.
Bxc6+ bxc6 9. Bg5 Rg8 10. Rd1 h6 11. Bh4 Qe7 12. Nc3 Qe5 13. Bxf6 gxf6 14. Qa4
Bd7 15. Qd4 Bh3 16. g3 h5 17. Qxe5+ fxe5 18. b4 Rb8 19. Rab1 h4 20. b5 cxb5 21.
Nxb5 Kd7 22. Nxa7 Ra8 23. Rb7 Rgb8 24. Rdb1 Rxb7 25. Rxb7 hxg3 26. hxg3 Bg4 27.
Nb5 Kc6 28. Rxc7+ Kxb5 29. Rxf7 Rxa2 30. Rf6 Rxc2 31. Rxd6 Bf3 32. g4 Bxg4 33.
Rd5+ Kc4 34. Rxe5 Re2 35. Re8 Re1+ 36. Kh2 Bf3 37. e5 Kd5 38. Kg3 Bh5 39. f4
Rg1+ 40. Kf2 Rh1 41. Rh8 Bf3 42. Rxh1 Bxh1 43. Kg3 Be4 44. Kg4 Ke6 45. Kg5 Bf5
46. Kh4 Kd5 47. Kg5 Ke4 48. Kf6 Kxf4 49. e6 Bxe6 {Aucun joueur n'a le
mat&eacute;riel pour mater} 1/2-1/2

[Event "Champ FRA - Under 12"]
[Site "Europe Echecs"]
[Date "2020.07.08"]
[Round "5"]
[White "LangerKarele"]
[Black "CadilhacSeffinL"]
[Result "1-0"]
[WhiteElo "1282"]
[BlackElo "1058"]
[PlyCount "123"]
[EventDate "2020.??.??"]

1. d4 d5 2. c4 Nf6 3. cxd5 Nxd5 4. e4 Nf6 5. Nc3 Nc6 6. Nf3 Bg4 7. Be2 e6 8.
Be3 Bb4 9. Qd3 O-O 10. O-O Re8 11. a3 Ba5 12. b4 Bb6 13. Rac1 Qd6 14. e5 Bf5
15. Qd2 Qe7 16. exf6 Qxf6 17. Bb5 Re7 18. Bg5 Qg6 19. Bxe7 Bh3 20. Qg5 Qxg5 21.
Bxg5 Bf5 22. Bxc6 bxc6 23. a4 a5 24. bxa5 Bxa5 25. Ne2 Ra6 26. Ng3 Bg4 27. Ne5
f6 28. Nxg4 fxg5 29. Rc5 Bb4 30. Rxg5 h6 31. Rg6 Kf7 32. Ne5+ Kg8 33. Rxe6 Rxa4
34. Re8+ Kh7 35. Nh5 Bd6 36. h3 Rxd4 37. Nxc6 Rc4 38. Ne5 Rc5 39. Nf7 Rxh5 40.
Nxd6 cxd6 41. Rd1 d5 42. Rd8 Re5 43. R8xd5 Re6 44. Kh2 Rb6 45. Rd6 Rb2 46. Kg3
Rc2 47. Re1 Rc8 48. Re7 Kg8 49. Red7 Kf8 50. Rd8+ Rxd8 51. Rxd8+ Ke7 52. Rd2
Ke6 53. Kf4 Kf6 54. Rd6+ Kf7 55. Ke5 Kg8 56. Kf5 Kh7 57. g4 g6+ 58. Rxg6 h5 59.
Kf6 Kh8 60. Rh6+ Kg8 61. f3 Kf8 62. Rh8# {CadilhacSeffinL est échec et mat}
1-0

[Event "Champ FRA - Under 12"]
[Site "Europe Echecs"]
[Date "2020.07.08"]
[Round "5"]
[White "LayadiNoha"]
[Black "CaullychurnAmb"]
[Result "1-0"]
[WhiteElo "1280"]
[BlackElo "1051"]
[PlyCount "35"]
[EventDate "2020.??.??"]

1. e4 e5 2. Nf3 Nc6 3. Bc4 Bc5 4. Nc3 d6 5. d3 Nf6 6. Be3 Bxe3 7. fxe3 Bg4 8.
h3 Bh5 9. g4 Bg6 10. Qd2 O-O 11. O-O-O Qd7 12. Rdg1 h6 13. Qg2 Nh7 14. h4 Nf6
15. g5 Ne8 16. gxh6 gxh6 17. Qxg6+ Kh8 18. Qxh6# {CaullychurnAmb est échec et
mat} 1-0

[Event "Champ FRA - Under 12"]
[Site "Europe Echecs"]
[Date "2020.07.08"]
[Round "5"]
[White "RoySuvrojita"]
[Black "GrisoniEmma"]
[Result "0-1"]
[WhiteElo "1080"]
[BlackElo "1273"]
[PlyCount "90"]
[EventDate "2020.??.??"]

1. e4 c5 2. Nf3 Nc6 3. d4 cxd4 4. Nxd4 d6 5. Nc3 g6 6. Be3 Bg7 7. f3 Qb6 8.
Nxc6 Qxe3+ 9. Be2 bxc6 10. g4 Bxc3+ 11. bxc3 Qxc3+ 12. Kf1 Rb8 13. Rb1 Rb2 14.
Kg2 Qxc2 15. Qxc2 Rxc2 16. Kf2 Nf6 17. g5 Nh5 18. Rb8 O-O 19. Ra8 Nf4 20. Re1
Rxe2+ 21. Rxe2 Nxe2 22. Kxe2 Ba6+ 23. Ke3 Rxa8 24. Kd4 Rb8 25. e5 dxe5+ 26.
Kxe5 Rb2 27. Kd4 Rxa2 28. Kc5 Be2 29. Kxc6 a5 30. Kd7 a4 31. Kxe7 a3 32. f4 Rb2
33. f5 gxf5 34. g6 hxg6 35. h4 a2 36. h5 a1=Q 37. hxg6 fxg6 38. Kf6 Qa6+ 39.
Kg5 Rb4 40. Kh6 Qb7 41. Kxg6 Rg4+ 42. Kxf5 Qe4+ 43. Kf6 Rf4+ 44. Kg5 Qf5+ 45.
Kh6 Rh4# {RoySuvrojita est échec et mat} 0-1